LEADER 01226nam a2200277 i 4500 001 000000186337 003 CaOOAMICUS 005 20100225000000.0 008 100225s1952 it u000 u ita u 013 $a164384 040 $aSeMil$bita 245 13$aLa direzione spirituale. Direttive e problemi. 260 $aMilano :$bPaoline,$c1952. 300 $a350 p. ;$c19 cm. 490 0 $aDidascaleion 650 4$aDirezione spirituale.$0(OLS)http://semarc/subject/2829 700 1 $aCitterio, Bernardo .$0(OLS)http://semarc/name/18962 700 1 $aColombo, Carlo .$0(OLS)http://semarc/name/3095 700 1 $aCeriani, Grazioso <1906-1974>.$0(OLS)http://semarc/name/1067 700 1 $aBaj, Ferdinando <1911-1997>.$0(OLS)http://semarc/name/11860 700 1 $aColombo, Giovanni,$c.$0(OLS)http://semarc/name/1549 830 0$aDidascaleion.$0(OLS)http://semarc/title/6214 850 $aSeMil 852 $aSeMil$W1$xVenegono$y1$m3F V 330$j137024$B137024$CSeMilBibl$Z2$F148586 $81 996 $6245$aLa direzione spirituale. Direttive e problemi$9(OLS)http://semarc/title/267839 996 $6260$aMilano :$bPaoline$9(OLS)http://semarc/publisher/29684 LEADER 01284nam a2200229 i 4500 001 000000072655 003 CaOOAMICUS 005 20081229000000.0 008 081229s1924 xx u000 u mul u 013 $a43827 040 $aSeMil$bita 100 1 $aHebdomada Thomistica <1924 ; Romae>.$0(OLS)http://semarc/name/36011 245 10$aActa hebdomadae thomisticae :$bRomae celebratae 19-25 novembris 1924 in laudem S. Thomae Aquinatis sexto labente saeculo ab honoribus sanctorum ei decretis. 260 $aRomae :$bApud Sedem Academiae S. Thomae Aquinitas,$c1924. 300 $aIX, 295 p. ;$c25 cm. 500 $aIn testa al front.: Academia Romana S. Thomae Aquinatis. 650 4$aTommaso : d'Aquino - Atti di congressi.$0(OLS)http://semarc/subject/2780 710 2 $aPontificia Università S. Tommaso d'Aquino .$0(OLS)http://semarc/name/394 850 $aSeMil 852 $aSeMil$W1$xVenegono$y1$m2P V 13$j38808$B38808$CSeMilBibl$Z2$F38811 $81 996 $6245$aActa hebdomadae thomisticae :$bRomae celebratae 19-25 novembris 1924 in laudem S. Thomae Aquinatis sexto labente saeculo ab honoribus sanctorum ei decretis$9(OLS)http://semarc/title/117223 996 $6260$aRomae :$bApud Sedem Academiae S. Thomae Aquinitas$9(OLS)http://semarc/publisher/43042